000 01120nam a2200217 a 4500
001 000046641
005 20201002053022.0
008 180314s2016 dr 000 0 spa d
020 _a9789945906875
040 _aDO-SdBNP
_bspa
_cBNPHU
082 _axxx
_bxxx
110 1 _aRepública Dominicana
_9447
240 1 0 _a[Leyes, etc.]
245 1 0 _aLey 176-07 del distrito nacional y los municipios y legislación complementaria.
250 _aedición 35 aniversario
260 _aSanto Domingo, :
_bDalis,
_c2016.
300 _a295 p. ;
_c21 cm.
500 _aModificada por las leyes 341-09 y 10-15. Revisada con las leyes 311-14, 543-12, 41-08, 498-06, 423-06, 340-06, 6-06, 200-04, 126-01, 87-01, 64-00 y los decretos 251-15, 543-12, 528-09, 527-09, 525-09, 523-09; Legislación complementaria : Leyes 170-07, 166-03, 163-01, 120-99, 23-98, 17-97, 83-89, 233-71, 127-67, 673-65, 6232-63, 4429-56, 3896-54, 675-44, 459-43, 49-39, 809-35, 2334-1885; Partes Constitución vigente, Dec. 543-12, 340-06
500 _aIncluye referencias bibliográficas y notas al pie de las paginas
590 _aInventariado, 2018/MFF
999 _c46130
_d46130